000 00527nam a2200169 4500
999 _c510982
_d510982
008 190905b ||||| |||| 00| 0 eng d
100 _aKumar, Nomita P.
_99870
245 _aPaving the way for transformational future women entrepreneurs in Uttar Pradesh
260 _c2019
300 _ap.42-56.
650 _aEntrepreneurship - India
_99871
650 _aWomen entrepreneurs - India
_99872
650 _aWomen in business
_99873
773 _aProductivity
906 _aWomen - India - Uttar Pradesh
942 _2ddc
_cAR